<?xml version="1.0" encoding="UTF-8"?>
<collection xmlns="http://www.loc.gov/MARC21/slim">
  <record>
    <leader>00000nam  2200000   4500</leader>
    <controlfield tag="001">INLIS000000000000451</controlfield>
    <controlfield tag="005">20180724135018</controlfield>
    <controlfield tag="008">180724|||||||||   |   |||   |||| ||   | </controlfield>
    <datafield tag="035" ind1=" " ind2=" ">
      <subfield code="0">010-0718000451</subfield>
    </datafield>
    <datafield tag="041" ind1=" " ind2=" ">
      <subfield code="a">id</subfield>
    </datafield>
    <datafield tag="082" ind1=" " ind2=" ">
      <subfield code="a">016</subfield>
    </datafield>
    <datafield tag="090" ind1=" " ind2=" ">
      <subfield code="a">R 016 PIM I 2013</subfield>
    </datafield>
    <datafield tag="100" ind1=" " ind2=" ">
      <subfield code="a">Wirawan, Soni Solistia</subfield>
    </datafield>
    <datafield tag="245" ind1=" " ind2=" ">
      <subfield code="a">Advokasi kebijakan pengembangan dan aplikasi teknologi kogenerasi di sektor industri sebagai bagian dari program energi nasional.</subfield>
    </datafield>
    <datafield tag="260" ind1=" " ind2=" ">
      <subfield code="a">Jakarta</subfield>
      <subfield code="b">Lembaga Administrasi Negara</subfield>
      <subfield code="c">2013</subfield>
    </datafield>
    <datafield tag="300" ind1=" " ind2=" ">
      <subfield code="a">65 hlm. ; 30 cm</subfield>
    </datafield>
    <datafield tag="500" ind1=" " ind2=" ">
      <subfield code="a">Proyek Perubahan adalah suatu kegiatan pembelajaran untuk mewujudkan kompetensi Kepemimpinan Visioner melalui kemampuan berkolaborasi dengan stakeholder dalam penanganan isu strategis nasional dan strategis non klasikal untuk melakukan terobosan kebijakan di lingkungan instansinya guna meningkatkan kinerja organisasi. Pembelajaran Proyek Perubahan ini dilakukan dengan bimbingan para coach dan councelor serta teamwork yang ada di instansinya mulai dengan kegiatan diagnose organisasi, mengkomunikasikan permasalahan dengan stakeholder, merancang perubahan dan membangun tim, melaksanakan Proyek Perubahan dan menyajikan hasil pelaksanaan dalam seminar kepemimpinan</subfield>
    </datafield>
    <datafield tag="650" ind1=" " ind2=" ">
      <subfield code="a">Kebijakan - Teknologi Kogenerasi -- Proyek Perubahan PIM1</subfield>
    </datafield>
  </record>
</collection>
